000 00714nam a2200253 i 4500
001 C2-0073693
003 PPAK
005 20180727075857.0
008 970429s1994 my a|||| ||||| | eng d
020 _a9676525065
040 _aPPAK
_beng
_cPPAK
_erda
082 0 4 _a423
_223
090 0 0 _a423
_bHOR
_dRK
100 1 _aHornby, A. S.,
_eauthor
245 1 4 _aThe Oxford dictionary for Malaysian primary schools
264 1 _aKuala Lumpur :
_bFajar Bakti ,
_c1994
300 _axxii, 375 pages :
_billustrations ;
_c22 cm
336 _2rdacontent
_atext
337 _2rdamedia
_aunmediated
338 _2rdacarrier
_avolume
650 1 0 _aEnglish language - Dictionaries
700 _eauthor
942 _ddc
_cB
999 _c10173
_d10173